|
|
|
|
| LEADER |
00000nam0a2200000 4500 |
| 001 |
21054 |
| 005 |
20231030192330.0 |
| 035 |
|
|
|a (RuTPU)RU\TPU\book\21249
|
| 035 |
|
|
|a BOOK00005942
|
| 090 |
|
|
|a 21054
|
| 100 |
|
|
|a 20011209d1974 m y0rusy50 ca
|
| 101 |
0 |
|
|a rus
|
| 102 |
|
|
|a RU
|
| 105 |
|
|
|a a z 000zy
|
| 200 |
1 |
|
|a Изобразительное искусство Томска
|f П. Д. Муратов
|
| 210 |
|
|
|a Новосибирск
|c Западно-Сибирское книжное издательство
|d 1974
|
| 215 |
|
|
|a 80 с.
|c ил
|
| 610 |
1 |
|
|a искусство
|
| 610 |
1 |
|
|a изобразительное искусство
|
| 610 |
1 |
|
|a история
|
| 610 |
1 |
|
|a Сибирь
|
| 610 |
1 |
|
|a Томск
|
| 610 |
1 |
|
|a 19 век
|
| 610 |
1 |
|
|a 20 век
|
| 675 |
|
|
|a 7(571.16)(09)
|v 3
|
| 700 |
|
1 |
|a Муратов
|b П. Д.
|g Павел Дмитриевич
|
| 801 |
|
0 |
|a RU
|b 63413507
|c 20011209
|g PSBO
|
| 801 |
|
2 |
|a RU
|b 63413507
|c 20141105
|g PSBO
|
| 942 |
|
|
|c BK
|